000
00217 a2200097 4500
001
1595
100
_a
Draffing, J.Q
245
_a
Stalics and strength of materials
260
_a
_b
Ronald press
_c
090
_c
1133
_d
1133
942
_a
NUST-CAE
_c
M
_c
1481
999
_c
236668
_d
236668